| 000 | 00419nam a22001337a 4500 | ||
|---|---|---|---|
| 008 | 190618b xxu||||| |||| 00| 0 eng d | ||
| 050 |
_aQP 361.5 _b.P238s 2006 |
||
| 100 | _aSteve Parker | ||
| 245 |
_aBody atlas: _bskin muscles and bones/ _cSteve Parker |
||
| 260 |
_aGreat Britain: _bTicktock Entertainment Ltd. _c2006. |
||
| 300 | _a32 p. ; col. ill. : 280 cm. | ||
| 440 | _askin muscles and bones/ | ||
| 942 |
_2lcc _cBK |
||
| 999 |
_c361903 _d361903 |
||